MARC details
| 010 ## - Numéro international normalisé du livre (ISBN) |
| ISBN |
9782381980928 |
| Disponibilité et/ou prix |
17 EUR |
| 099 ## - Visibilité opac |
| notice masquée en opac |
Non |
| 100 ## - Données générales de traitement |
| Données générales de traitement |
20251128h20252025m y0frey50 ba |
| 101 2# - Langue de la ressource |
| Langue du texte, de la bande son, etc. |
français |
| -- |
anglais |
| 102 ## - Pays de publication ou de production |
| Pays de publication |
France |
| 200 1# - Titre et mention de responsabilité |
| Titre propre |
Divisible par lui-même et par un |
| Titre bilingue |
Divisible by itself and one |
| Indication générale du type de document |
Livre |
| 214 #0 - Mentions de production, publication, diffusion et manufacture |
| Nom de l’éditeur |
L'Arche |
| Date de publication |
DL 2025 |
| 215 ## - Description physique |
| Nombre de pages |
1 volume (119 pages) |
| 225 1# - Collection |
| Titre de la collection |
Des écrits pour la parole |
| 330 ## - Résumé ou extrait |
| Texte de la note |
Le nouveau recueil de Kae Tempest renoue avec les motifs puissants de Étreins-toi et Courir sur les cordes, où s entrelacent amour et quête de soi. Plus introspectif, il explore les ressorts intimes de la pulsion de vie qui se heurte aux injonctions d une société normative, et apprend peu à peu à embrasser la puissance libératrice de sa transidentité. Kae Tempest célèbre la force du lien à la nature et rend un magnifique hommage à sa famille queer, « à tous les anges ». Divisible par lui-même et par un est un livre sur la forme humaine, le corps éprouvé comme frontière, et la brûlante nécessité d apprendre à s aimer tel·le que l on est. Cette quête perpétuelle d intégrité fait de Kae Tempest un poète profondément original de notre époque. |
| 610 ## - Mot-clé |
| Mot-clé |
Transidentité |
| 700 #1 - Auteur principal |
| Nom |
Tempest |
| Prénom |
Kate |
| Dates |
1985-.... |
| 701 #1 - Coauteur |
| Nom |
Esquié |
| Prénom |
Héloïse |
| Dates |
1974-.... |
| 101 2# - Langue de la ressource |
| Langue de l'oeuvre originale |
anglais |
| 105 ## - Zone de données codées : textes, monographies |
| Données codées sur les monographies textuelles |
y z 000gy |
| 181 ## - Zone de données codées : Forme de la ressource |
| Données de liaison entre champs |
z01 |
| Autre référentiel utilisé pour coder la forme du contenu |
texte |
| Code du référentiel |
rdacontent |
| 181 #1 - Zone de données codées : Forme de la ressource |
| Données de liaison entre champs |
z01 |
| Forme du contenu selon l’ISBD sous forme codée |
i# |
| Qualificatif(s) du contenu selon l’ISBD sous forme codée |
xxxe## |
| 182 ## - Zone de données codées : type de média |
| Données de liaison entre champs |
z01 |
| Autre référentiel utilisé pour coder le type de médiation |
sans média |
| Code du référentiel |
rdamedia |
| 182 #1 - Zone de données codées : type de média |
| Données de liaison entre champs |
z01 |
| Type de médiation selon l’ISBD sous forme codée |
sans média |
| 183 #1 - Zone de données codées : Type de carrière |
| Données de liaison entre champs |
z01 |
| Type de support sous forme codée |
nga |
| Code du référentiel |
RDAfrCarrier |
| 200 1# - Titre et mention de responsabilité |
| Langue du titre parallèle |
eng |
| 214 #0 - Mentions de production, publication, diffusion et manufacture |
| Lieu de publication, production, distribution/diffusion, fabrication |
Montreuil |
| 215 ## - Description physique |
| Autres caractéristiques matérielles |
couverture illustrée |
| Dimensions |
21 cm |
| 307 ## - Notes relatives à la description physique |
| Texte de la note |
texte original anglais avec traduction française en regard |
| 410 ## - Collection |
| Identifiant de la notice bibliographique liée |
234993022 |
| 410 ## - Collection |
| Titre de l'oeuvre |
Des écrits pour la parole |
| ISSN |
2680-3305 |
| 454 ## - Traduction de |
| Titre de l'oeuvre |
Divisible by itself and one |
| 510 ## - Titre parallèle |
| Titre parallèle |
Divisible by itself and one |
| Langue du titre parallèle |
eng |
| 608 ## - Vedette de Forme, Genre ou Caractéristiques physiques |
| Identifiant de la notice d'autorité |
027247481 |
| Élément d'entrée |
Poésie anglaise |
| Identifiant de la notice d'autorité |
050665391 |
| Subdivision chronologique |
2000-.... |
| Code du format utilisé |
rameau |
| 700 #1 - Auteur principal |
| Identifiant de la notice d'autorité |
182110672 |
| Code de fonction |
Auteur |
| 701 #1 - Coauteur |
| Identifiant de la notice d'autorité |
055151175 |
| Eléments ajoutés aux noms autres que les dates |
traductrice |
| Code de fonction |
Traducteur |
| 801 #3 - Origine de la notice |
| Pays |
FR |
| Agence de catalogage |
Abes |
| Date de la transaction |
20251129 |
| Règles de catalogage utilisées |
AFNOR |
| 801 #0 - Origine de la notice |
| Pays |
FR |
| Agence de catalogage |
FR-751131015 |
| Date de la transaction |
20251016 |
| Règles de catalogage utilisées |
AFNOR |
| Code du format utilisé |
intermrc |
| 000 -Etiquette de la notice |
| Leader |
02324cam0a2200505 4500 |
| 003 - Identifiant de la notice |
| Identifiant |
http://www.sudoc.fr/292190239 |
| 005 - Identifiant de la version |
| Identifiant |
20251204114726.0 |
| 035 ## - Identifiant de la notice dans un autre système |
| Identifiant de la notice dans un autre système |
(OCoLC)1554764757 |
| 035 ## - Identifiant de la notice dans un autre système |
| Identifiant de la notice dans un autre système |
FRBNF486248480000008 |
| Numéro erroné ou annulé |
FRBNF48624848 |
| 073 #0 - EAN |
| Numéro normalisé |
9782381980928 |